000 00751nam a2200193Ia 4500
005 20260114155041.0
008 008 250103s9999 xx 000 0 hin d
037 _aTheses
040 _aCRL
_bhin
_cCRL
041 _ahin
_2hin
084 _qCRL
100 _aभट्ट, रघुनाथ, ले.
_9870455
245 0 _aअंशुमद्भेद का समीक्षात्मक अध्ययन (षड्-विंशपटल पर्यन्त)
260 _aDelhi
_bदिल्ली विश्वविद्यालय. कला संकाय. संस्कृत
_c2024
300 _a247पृ.
650 _aसंस्कृत साहित्य
_9870456
942 _cTH
999 _c1469901
_d1469901